Auge exportador chileno: lecciones y desafíos futuros
Saved in:
| Hovedforfatter: | |
|---|---|
| Format: | Bog |
| Sprog: | spansk |
| Udgivet: |
Santiago
Cieplan
1997
|
| Fag: | |
| Tags: |
Tilføj Tag
Ingen Tags, Vær først til at tagge denne postø!
|
MARC
| LEADER | 00000nam a2200000 a 4500 | ||
|---|---|---|---|
| 001 | UCM4399 | ||
| 003 | CL-VaPUC | ||
| 008 | 020823e19970000CL |||||||||||||||||spa|d | ||
| 082 | 0 | 4 | |a 382.60983 |b MEL |2 21 |
| 100 | |a Meller Bock, Patricio |e autor |9 603136 | ||
| 245 | 1 | 0 | |a Auge exportador chileno: lecciones y desafíos futuros |
| 300 | |a 243 p | ||
| 942 | |c BK | ||
| 945 | |d 20020823 00:00:00 |a vberengu | ||
| 260 | |a Santiago |b Cieplan |c 1997 | ||
| 650 | 7 | |a EXPORTACIONES - CHILE |2 CL-VaPUC |9 454774 | |
| 650 | 7 | |a COMERCIO INTERNACIONAL |2 CL-VaPUC |9 470923 | |
| 651 | 7 | |a CHILE |2 CL-VaPUC |9 470924 | |
| 583 | |a last modification |c 20020823 00:00:00 |k Rodrigo Vera | ||
| 999 | |c 301119 |d 301117 | ||
| 952 | |0 0 |1 0 |4 0 |6 382_609830000000000_MEL_1997 |7 0 |8 A |9 359833 |a BIBMEC |b BIBMEC |d 2019-11-21 |i 3839656 |o 382.60983 MEL 1997 |p 3839656 |r 2024-01-19 |w 2019-11-21 |y BK |k MEC | ||